Inward investment and technical progress in the UK manufacturing sector

Enregistré dans:
Détails bibliographiques
Auteur principal: Hubert, Florence
Autres auteurs: Pain, Nigel
Format: Livre
Langue:anglais
Publié: Paris OECD-Economics Department 2000
Collection:Working papers no. 268
Sujets:
Tags: Ajouter un tag
Pas de tags, Soyez le premier à ajouter un tag!

MARC

LEADER 00000nam a2200000 4500
001 c124070
005 20221221084418.0
041 0 |a eng 
044 |a FR 
245 1 0 |a Inward investment and technical progress in the UK manufacturing sector  |c by Florence Hubert and Nigel Pain 
264 1 |a Paris  |b OECD-Economics Department  |c 2000 
300 |a 20 s. 
490 1 |a Working papers  |v no. 268 
830 0 |a Working papers  |v no. 268 
610 2 0 |a investície 
610 2 0 |a rozvoj technický 
610 2 0 |a výroba 
610 2 0 |a produktivita 
610 2 0 |a firmy 
610 2 0 |a Veľká Británia 
610 2 0 |a OECD 
100 1 |a Hubert, Florence 
700 1 |a Pain, Nigel